000 01904nam0a2200409 4500
001 RU\NLR\BIBL_A\010903582
005 20260614063038.0
010 _a978-5-699-82766-4
_95000
021 _aRU
_b15-83716
035 _a(NILC)RuMoRGB-008054018
035 _a(NLR Aleph) 010903582
090 _a10603362
_c10603362
100 _a20151119d2015 |||y0rusy50 ca
101 1 _arus
_cchi
102 _aRU
105 _ay|||z|||000zy
200 1 _aИскусство войны
_eвся война основана на лжи
_fСунь-цзы
_g[подстроч. пер. с кит. - Чжан Цзюйшу
_gлит. пер. и коммент. - Ю. Кулишенко]
210 _aМосква
_cЭ
_d2015
215 _a157, [1] с.
_d17
225 1 _aВеликие личности
300 _aНа 4-й с. авт.: Сунь-цзы, настоящее его имя было Сунь У
333 _a6+
500 _7ca
_aСунь-цзы
_lТрактат
_92631349
_3RU\NLR\AUTH\559331
604 _1700#0$aСунь-Цзы$f6 - 5 вв. до н.э.
_150010$aТрактат о военном искусстве$2nlr_sh2$3RU\NLR\AUTH\661321890
_3RU\NLR\AUTH\661321890
_aСунь-Цзы (6 - 5 вв. до н.э.)
_tТрактат о военном искусстве
_92199693
675 _a355.4
675 _a355/359
686 1 _aЦ1,8(5Кит)2
700 0 _8rus
_7ca
_aСунь-Цзы
_f6-5 вв. до н.э.
_3RU\NLR\AUTH\7713747
_9123429
702 0 _4570
_8rus
_7ca
_aСунь-Цзы
_f6-5 вв. до н.э.
_3RU\NLR\AUTH\7713747
_9123429
702 1 _aКулишенко
_bЮ.
_gЮрий
_4730
_4210
702 0 _4730
_7ca
_8rus
_aЧжан Цзюйшу
_9160118
_3RU\NLR\AUTH\770160159
801 0 _aRU
_bРГБ
_c20151027
_gRCR
942 _cBOOK
980 _aNBR
980 _aNB